00658nam a22001817a 4500003000900000008004100009040007100050082002300121100001700144245005700161260003400218300002600252505010300278650002100381650002300402650001400425700003700439AR-CdUCM190306b ||||| |||| 00| 0 spa d aMUNICIPALIDAD PROVINCIAL DEL CUSCOcBIBLIOTECA MUNICIPAL DEL CUSCO a828.87 /bL622ed. aWilde, Oscar aEl crimen de lord Arturo Savile y otra narraciones / aBuenos Aires :bDidot,c1946. a197 paginas :c17 cm. aContenido: El crimen de lord Arturo Savile -- El fantasma de Canterville -- La esfinge sin enigma. aNovelas inglesas aLiteratura inglesa aSiglo XIX aBaeza, Ricardo (nota preliminar)